LEADER 02620oam 2200649K 450 001 9910712932403321 005 20180924051223.6 024 8 $aGOVPUB-C13-5e8ab9609d8db134fe45b8718098a2fe 035 $a(CKB)5470000002498871 035 $a(OCoLC)742307351 035 $a(OCoLC)995470000002498871 035 $a(EXLCZ)995470000002498871 100 $a20110721d1980 ua 0 101 0 $aeng 135 $aurun||||a|a|| 181 $ctxt$2rdacontent 182 $cc$2rdamedia 183 $acr$2rdacarrier 200 00$aHurricane wind speeds in the United States /$fMartin E. Batts [and others] ; sponsored by Department of Energy, Office of Assistant Secretary for Conservation and Solar Applications and National Science Foundation 210 1$aWashington, D.C. :$cU.S. Dept. of Commerce, National Bureau of Standards :$cFor sale by the Supt. of Docs., U.S. Govt. Print. Off.,$d[1980] 215 $a1 online resource (viii, 30, 11 pages) $cillustrations 225 1 $aNBS building science series ;$v124 300 $aContributed record: Metadata reviewed, not verified. Some fields updated by batch processes. 320 $aIncludes bibliographical references (pages 29-30). 606 $aHurricanes$xMathematical models 606 $aHurricanes$zAtlantic Coast (U.S.)$xMathematical models 606 $aHurricanes$zGulf States$xMathematical models 606 $aMonte Carlo method 606 $aWinds$xSpeed$xMeasurement$xMathematical models 606 $aHurricanes$xMathematical models$2fast 606 $aMonte Carlo method$2fast 606 $aWinds$xSpeed$xMeasurement$xMathematical models$2fast 607 $aAtlantic Coast (U.S.)$xHurricanes$xMathematical models 607 $aUnited States$zAtlantic Coast$2fast 607 $aUnited States$zGulf States$2fast 615 0$aHurricanes$xMathematical models. 615 0$aHurricanes$xMathematical models. 615 0$aHurricanes$xMathematical models. 615 0$aMonte Carlo method. 615 0$aWinds$xSpeed$xMeasurement$xMathematical models. 615 7$aHurricanes$xMathematical models. 615 7$aMonte Carlo method. 615 7$aWinds$xSpeed$xMeasurement$xMathematical models. 676 $a690/.02/18 s 676 $a551.5/52 701 $aBatts$b Martin E$01408101 712 02$aUnited States.$bNational Bureau of Standards. 801 0$bOCLCE 801 1$bOCLCE 801 2$bOCLCQ 801 2$bOCLCO 801 2$bOCLCF 801 2$bOCLCQ 906 $aBOOK 912 $a9910712932403321 996 $aHurricane wind speeds in the United States$93491185 997 $aUNINA LEADER 03921nam 22005053 450 001 9910888072603321 005 20251116150239.0 010 $a9783428572663 010 $a3428572661 035 $a(CKB)5690000000011549 035 $a(MiAaPQ)EBC7101206 035 $a(Au-PeEL)EBL7101206 035 $a(OCoLC)1348481173 035 $a(Exl-AI)7101206 035 $a(EXLCZ)995690000000011549 100 $a20221219d2022 uy 0 101 0 $ager 135 $aurcnu|||||||| 181 $ctxt$2rdacontent 182 $cc$2rdamedia 183 $acr$2rdacarrier 200 14$aDie Haftpflichtfrage $eGutachten und Berichte Veröffentlicht Vom Verein Für Socialpolitik. (Schriften des Vereins Für Socialpolitik XIX) 205 $a1st ed. 210 1$aBerlin :$cDuncker & Humblot,$d2022. 210 4$d©1880. 215 $a1 online resource (177 pages) 225 1 $aDuncker & Humblot reprints 311 08$a9783428172665 311 08$a3428172663 327 $aVorrede. -- Inhalt. -- Adolf Held. Von Prof. Dr. Erwin Nasse in Bonn. -- Verzeichniß der Schriften, welche Dr. Adolf Held veröffentlicht hat. -- I. Selbstständige Publikationen. -- II. In Zeit- und Sammelschriften veröffentlichte Arbeiten. -- I. Gutachten über die Haftpflichtfrage beim Betriebe gewerblicher Unternehmungen nach österreichischem Rechte. Von Professor Dr. Randa und Dozent Dr. A. Braf in Prag. -- II. Die Haftpflicht gewerblicher Unternehmer nach englischem Recht. Von B. von Bojanowski in London. -- 1. Die Haftpflicht nach gemeinem Recht. -- 2. Beabsichtigte Aenderungen. -- 3. Meldung von Unfällen, hygienische und Schutzvorschriften. -- A. Anzeige von Unfällen. -- B. Hygienische und Schutzvorschriften. -- a) Hygienische Vorschriften. -- b) Schutzvorschriften. -- III. Ueber Haftpflichtgesetzgebung in Belgien. Von Professor M. van der Rest in Brüssel, aus dem Manuscript übersetzt von Dr. phil. Louis Erhardt. -- IV. Ueber Haftpflichtgesetzgebung im Königreich der Niederlande. Von Dr. A. Kerdijk (Delft). -- V. Die Grundsätze des französischen Rechts über Haftpflicht. Vom Senatspräsident Petersen in Colmar. -- I. -- 1. -- 2. -- II. -- III. -- VI. Die Haftpflichtfrage nach dem in der Schweiz geltenden Rechte. Von Prof. F. v. Wyß in Basel. -- § 1. Aufgabe und Gang des Referates. -- I. Die einschlagenden Satzungen des allgemeinen Civilrechtes -- § 2. Quellenübersicht. -- § 3. Die Kodifikationen der romanischen Schweiz. -- § 4. Die Kodifikation von 4 deutschen Kantonen der West- und Centralschweiz. -- § 5. Die Kodifikation von 3 Kantonen der Ostschweiz.$7Generated by AI. 330 $aThe book, published by the Verein für Socialpolitik, addresses the legal obligations of employers regarding compensation for worker injuries and fatalities across various countries. It includes analyses of legislation from Germany, England, Belgium, the Netherlands, France, Switzerland, and the United States. The volume also features discussions on the German legislation from multiple perspectives, although the attempt to include diverse viewpoints was only partially successful due to time constraints. Additionally, it contains a necrology of Professor Adolf Held, highlighting his contributions to the organization. The book is intended for academics and policymakers interested in social policy and labor law.$7Generated by AI. 410 0$aDuncker & Humblot reprints 517 $aHaftpflichtfrage 606 $aEmployers' liability$7Generated by AI 606 $aLabor laws and legislation$7Generated by AI 615 0$aEmployers' liability 615 0$aLabor laws and legislation 700 $aSocialpolitik$b Verein für$01769272 801 0$bMiAaPQ 801 1$bMiAaPQ 801 2$bMiAaPQ 906 $aBOOK 912 $a9910888072603321 996 $aDie Haftpflichtfrage$94241358 997 $aUNINA